000
00223 a2200097 4500
001
12237
100
_a
Jane's
245
_a
Jane's: Unmanned Aerial Vehicles and Targets
260
_a
_b
Jane's Group
_c
090
_c
9467
_d
9467
942
_a
NUST-CAE
_c
M
_c
36341
999
_c
247310
_d
247310